| 000 | 00341nam a2200121Ia 4500 | ||
|---|---|---|---|
| 008 | 210430s9999 xx 000 0 und d | ||
| 082 | _a620.103 K891E | ||
| 100 |
_aMeriam.J.L, Kraige L.G _918451 |
||
| 245 |
_aEngineering Mechanics Statics _cMeriam.J.L, Kraige L.G |
||
| 260 |
_bJohn Wiley &Sons _c1987 |
||
| 300 | _a454p. | ||
| 942 |
_cBK _2ddc |
||
| 999 |
_c565583 _d565583 |
||